Atlas of human anatomy / (Record no. 118875)

MARC details
000 -LEADER
fixed length control field 00832nam a2200253 a 4500
003 - CONTROL NUMBER IDENTIFIER
control field OSt
005 - DATE AND TIME OF LATEST TRANSACTION
control field 20260324155220.0
008 - FIXED-LENGTH DATA ELEMENTS--GENERAL INFORMATION
fixed length control field
020 ## - INTERNATIONAL STANDARD BOOK NUMBER
International Standard Book Number 190232840X (paperback)
040 ## - CATALOGING SOURCE
Original cataloging agency NUST
Transcribing agency NUST
Language of cataloging eng
Modifying agency NUST
Description conventions rda
050 ## - LIBRARY OF CONGRESS CALL NUMBER
Classification number REF QM25 IAZ
100 1# - MAIN ENTRY--PERSONAL NAME
Personal name Iazzetti, Giovanni.
Relator term Author
245 10 - TITLE STATEMENT
Title Atlas of human anatomy /
Statement of responsibility, etc. Giovanni Iazzetti and Enrico Rigutti.
260 ## - PUBLICATION, DISTRIBUTION, ETC.
Place of publication, distribution, etc. Surrey :
Name of publisher, distributor, etc. TAJ BOOKS,
Date of publication, distribution, etc. 2002.
300 ## - PHYSICAL DESCRIPTION
Extent 240 pages :
Other physical details illustrations (chiefly colour) ;
Dimensions 27 cm.
336 ## - CONTENT TYPE
Content type term text
Source rdacontent
Content type code txt
337 ## - MEDIA TYPE
Media type term unmediated
Source rdamedia
Media type code n
338 ## - CARRIER TYPE
Carrier type term volume
Source rdacarrier
Carrier type code nc
504 ## - BIBLIOGRAPHY, ETC. NOTE
Bibliography, etc. note Includes Index
650 ## - SUBJECT ADDED ENTRY--TOPICAL TERM
Topical term or geographic name entry element Human anatomy
General subdivision atlases
650 #1 - SUBJECT ADDED ENTRY--TOPICAL TERM
Topical term or geographic name entry element Human anatomy.
700 ## - ADDED ENTRY--PERSONAL NAME
Personal name Rigutti, Enrico.
942 ## - ADDED ENTRY ELEMENTS (KOHA)
Koha item type Ordinary Loan Books
Call number prefix REF QM
Call number suffix IAZ
Source of classification or shelving scheme Library of Congress Classification
Classification part REF QM 25 IAZ
Suppress in OPAC No
Koha issues (borrowed), all copies 1
Holdings
Date last seen Total Checkouts Full call number Barcode Date last checked out Accession number Cost, replacement price Price effective from Koha item type Lost status Source of classification or shelving scheme Damaged status Not for loan Collection Withdrawn status Home library Current library Shelving location Date acquired Cost, normal purchase price
04/20/2026 1 REF QM25 92004037443 03/24/2026 51197 64.00 01/20/2023 BOOKS   LCC     NFIC   Medical MAIN GEN 01/20/2023 64.00
01/20/2023   REF QM25 IAZ 92004049440     80.00 01/20/2023 BOOKS   LCC     NFIC   Medical Medical GEN 01/20/2023 80.00